000 00701nam a2200229Ia 4500
003 OSt
005 20220926013151.0
006 a|||||r|||| 00| 0
007 ta
008 220923b |||||||| |||| 00| 0 eng d
037 _cGeneral Book
040 _aRTL
_cRTL
_beng
041 _2eng
_aeng
082 _aD6,9(B), K9
100 _aPayne William H
_9317898
245 0 _aMachine, assembly and systems programming for the
260 _aNew York
_bHarper and Row USA
_c1969
300 _axi, 321p. Bibliogrphy P 277-82, Appendix p 283-300, Glossary P 301-12
_ccm.
650 _aComputer Science
942 _hD6,9(B), K9
_cGB
_2CC
999 _c625316
_d625316